000 00358 a2200157 4500
001 44712
020 _a9788574167343
040 _cAnchieta - Aquarius
100 _aKang, Tae Suk
240 1 0 _aQuem será mais rápido?
_lpor
245 1 0 _aQuem será mais rápido?
300 _a36
362 0 _a2012
650 4 _aLiteratura infanto-juvenil
942 _cBK
999 _c44712
_d44712